=LDR 00000nam 2200000 4500 =001 NUTBA000000000005747 =005 20141107073152.0 =006 =007 =008 =020 ##$$a 978.979.041.136-4 =035 ##$$a 0010-111400000000226 =040 ##$$a NBPDMAT =082 ##$$a 523 =090 ##$$a 523 Sut p =100 ##$$a Sutinah =245 ##$$a Pengetahuan IPA benda langit$cSutinah =260 ##$$a Jakarta : Ganeca Exact, 2008 =300 ##$$a iv, 28 hlm$bilus$c28 cm =500 ##$$a Bibliografi hlm : 28 =650 ##$$a Benda Langit =850 ##$$a NBPDMAT